00513nam a2200085Ia 4500008004100000245004400041300027500085650001100360856005600371170517s9999 xx 000 0 und d aBreaking The Mirror: The Murdoch Effect aThe Daily Mirror was the best of them. It was a tabloid when tabloids still meant a peoples' paper that respected its' readers and earned their trust and affection...This film is a personal tribute, but it's also the story of what happened to the once popular Mirror.... xMedia. uhttp://topdocumentaryfilms.com/breaking-the-mirror/